Rituales literarios /

Estudio que revisa y cuestiona, cuando es necesario, la utilización de rasgos culturales, la magia y el pensamiento mágico en obras literarias, muchas veces presentes como elementos de ornato para dar un crear un cierto ambiente exótico, otras con un pretendido, generalizado y erróneo acercamiento a...

Ausführliche Beschreibung

Gespeichert in:
Bibliographische Detailangaben
1. Verfasser: Weisz, Gabriel (autor)
Format: Buch
Sprache:Spanisch
Veröffentlicht: México : Fondo de Cultura Económica, 2013, c2013
Schriftenreihe:(Letras Mexicanas) [s.n.]
Schlagworte:
Tags: Tag hinzufügen
Keine Tags, Fügen Sie das erste Tag hinzu!

MARC

LEADER 00000nam^a2200000^a^4500
001 000338703
005 20250521000000.0
009 20260310114404.284
020 |a 978-607-16-1429-2 
037 |a Acervo ITESO - Biblioteca 
041 |a ESP 
082 |a 809. 93355  |b WEI 
100 |a Weisz, Gabriel  |e (autor) 
245 1 0 |a Rituales literarios /  |c G. Weisz. 
264 4 |a México :  |b Fondo de Cultura Económica,  |c 2013, c2013 
300 |a 167 p. 
336 |a texto  |b txt  |2 rdacontenido 
337 |a sin mediación  |b n  |2 rdamedio 
338 |a volumen  |b nc  |2 rdasoporte 
440 1 |a (Letras Mexicanas) [s.n.] 
520 |a Estudio que revisa y cuestiona, cuando es necesario, la utilización de rasgos culturales, la magia y el pensamiento mágico en obras literarias, muchas veces presentes como elementos de ornato para dar un crear un cierto ambiente exótico, otras con un pretendido, generalizado y erróneo acercamiento antropológico. 
649 |a XX 
650 |a Mujeres en la Literatura 
650 |a Fetichismo en la Literatura 
650 |a Identidad Personal en la Literatura 
650 |a Cuerpo Humano -  |x Aspectos Sociales y Culturales 
650 |a Lugares Mitológicos e Imaginarios en la Literatura 
650 |a Magia -  |x Aspectos Sociales y Culturales 
650 |a Magia en la Literatura -  |x Tema Principal 
650 |a Prácticas Culturales en la Literatura 
650 |a Literatura -  |x Historia y Crítica -  |x Tema Principal 
650 |a Literatura y Sociedad 
910 |a Fondo General 
920 |a Impresos - Libros 
930 |a Colección General 
940 |a Literatura 
905 |a 101 
901 |a 0500228636  |b IT1  |c LIT  |i C139898  |u 20250521 
902 |a https://opac.biblio.iteso.mx/vufind/Record/000338703